000
00292cam a22001097a 4500
008
180718b1959 xxu||||| |||| 00| 0 eng d
082
_a
J71x57 T448
100
_a
Tikhomirov, M.
245
_a
The towns of ancient
_c
by M. Tikhomirov
260
_a
Moscow
_b
Foreign languages
_c
1959
300
_a
502p
999
_c
410000
_d
410000